000
00342nam a2200145Ia 4500
008
230718s9999 xx 000 0 und d
041
_a
Eng.
082
_a
345.05
_b
MUL-C
100
_a
Mulla , D. E.
245
0
_a
Code of Criminal Procedure
260
_a
Pakistan
_b
Mansoor book house
_c
2003
300
_a
737
650
_a
Law
999
_c
29635
_d
29635